Track & Field Quiz - Statistics

General Stats
  • This quiz has been taken 116 times
  • The average score is 6 of 13
Answer Stats
Hint Answer % Correct
Usually the fastest Relay 4x100
85%
Half Mile 800
85%
Metal ball throw Shotput
81%
Jump as far as you can Long Jump
76%
100m WR 9.58
69%
Pushing off a long pole to get high in the air Pole vault
55%
Usually the last event of a meet 4x400
54%
200m WR 19.19
49%
200 200 400 800 SMR
26%
The same as being called slow Rolled
25%
The biggest stage for proffesional Track Olympics
21%
Jumping while running Hurdling
6%
The biggest stage for Highschool Track New Balance Nationals
4%
No matching quizzes found
Score Distribution
Percent of People with Each Score
Percentile by Number Answered
Your Score History
You have not taken this quiz